Bomarzo

Guardat en:
Dades bibliogràfiques
Autor principal: Mujica Lainez, Manuel (autor)
Format: Llibre
Idioma:espanyol
Publicat: Barcelona Seix Barral 1985
Edició:1a. ed
Col·lecció:Literatura Contemporánea, 37-38
Matèries:
Etiquetes: Afegir etiqueta
Sense etiquetes, Sigues el primer a etiquetar aquest registre!

MARC

LEADER 00000cam a2200000 a 4500
001 UCE9943
003 CL-VaPUC
008 151112e19850000sp |||||||||||||||||spa|d
020 |a 8432220337o.c 
020 |a 8432220345v.1 
020 |a 8432220353v.2 
082 0 4 |a 863  |b MUJ  |2 21 
100 |a Mujica Lainez, Manuel  |e autor  |9 329588 
245 1 0 |a Bomarzo 
250 |a 1a. ed 
300 |a v 
942 |c BK 
945 |d 20151112 20:22:00  |a dcastane 
260 |a Barcelona  |b Seix Barral  |c 1985 
650 0 |a Literatura hispanoamericana  |9 269097 
650 0 |a Literatura chilena   |9 308278 
583 |a last modification  |c 20151112 20:22:00  |k Rodrigo Vera 
490 0 |a Literatura Contemporánea, 37-38 
999 |c 361577  |d 361575 
952 |0 0  |1 0  |3 erb  |4 0  |6 863_000000000000000_MUJ_1985  |7 0  |8 C  |9 472168  |a BIBCUR  |b BIBCUR  |h v.1  |i 5206804  |o 863 MUJ 1985  |p 5206804  |r 2025-04-22  |w 2019-11-24  |y BK  |z Catalogado en:20151112  |k CAC 
952 |0 0  |1 0  |3 erb  |4 0  |6 863_000000000000000_MUJ_1985  |7 0  |8 C  |9 472169  |a BIBCUR  |b BIBCUR  |h v.2  |i 5206812  |o 863 MUJ 1985  |p 5206812  |r 2025-04-22  |w 2019-11-24  |y BK  |z Catalogado en:20151112  |k CAC